Súčasný stav globálneho automobilového priemyslu a jeho budúcnosť diplomová práca

Gespeichert in:
Bibliographische Detailangaben
1. Verfasser: Ungerová, Ivana
Körperschaft: Fakulta medzinárodných vzťahov EU. Katedra medzinárodných ekonomických vzťahov a hospodárskej diplomacie
Weitere Verfasser: Dudáš, Tomáš, 1976-
Format: Buch
Sprache:Slowakisch
Veröffentlicht: Bratislava 2008
Tags: Tag hinzufügen
Keine Tags, Fügen Sie das erste Tag hinzu!

MARC

LEADER 00000nam$a2200000$$$4500
001 0076049
005 20240201120432.9
041 0 |a slo 
044 |a SK 
245 1 0 |a Súčasný stav globálneho automobilového priemyslu a jeho budúcnosť  |b diplomová práca  |c Ivana Ungerová ; škol. Tomáš Dudáš 
264 1 |a Bratislava  |c 2008 
300 |a 68 s. 
100 1 |a Ungerová, Ivana 
700 1 |a Dudáš, Tomáš, 1976- 
710 2 |a Fakulta medzinárodných vzťahov EU. Katedra medzinárodných ekonomických vzťahov a hospodárskej diplomacie